[Event "Gibraltar Masters 2019"]
[Site "Caleta"]
[Date "2019.01.27"]
[Round "6"]
[White "Tsolakidou, Stavroula"]
[Black "Deac, Bogdan-Daniel"]
[Result "0-1"]
[WhiteElo "2414"]
[BlackElo "2603"]
[Annotator "TA"]
[PlyCount "111"]
[EventDate "2019.01.10"]
[EventType "swiss"]
[EventCountry "GGB"]
[SourceTitle "playchess.com"]
[Source "ChessBase"]
[SourceQuality "1"]

1. e4 c5 2. Nf3 Nc6 3. Bb5 g6 4. O-O Bg7 5. c3 Nf6 6. Re1 O-O 7. h3 Qb6 8. Ba4 Ne8 9. Bxc6 bxc6 10. d4 Nc7 11. b3 d6 12. Be3 cxd4 13. cxd4 f5 14. e5 f4 15. Bc1 dxe5 16. dxe5 c5 17. Nbd2 Bf5 18. Bb2 Rad8 19. Qc1 Bd3 20. Ne4 Ne6 21. Ba3 Rc8 22. Qc3 Qa6 23. Bb2 c4 24. Ned2 cxb3 25. Qxb3 Rb8 26. Qa3 Rb6 27. Nb3 Re8 28. Rad1 Bb5 29. Nbd4 Bc4 30. Qxa6 Rxa6 31. Nxe6 Bxe6 32. a3 h6 33. Re4 g5 34. Rb4 Rc8 35. Rdd4 Rc7 36. Rd8+ Kf7 37. Kf1 Ra5 38. Rbd4 Rb5 39. Rb4 Rbc5 40. Rbd4 a5 41. Rd2 Rb7 42. a4 Rc4 43. R8d4 Rbb4 44. Rxc4 Bxc4+ 45. Kg1 Rxa4 46. Rd4 Ra2 47. Rxc4 Rxb2 48. Rc5 a4 49. Ra5 Ra2 50. Nd4 a3 51. Nf5 Ra1+ 52. Kh2 a2 53. Ra7 Bxe5 54. Nxh6+ Ke6 55. Ng4 Bd4 56. Ra4 0-1

[Event "Gibraltar Masters 2019"]
[Site "Caleta"]
[Date "2019.01.27"]
[Round "6"]
[White "Doluhanova, Evgeniya"]
[Black "Arizmendi Martinez, Julen Luis"]
[Result "1/2-1/2"]
[WhiteElo "2348"]
[BlackElo "2506"]
[Annotator "TA"]
[PlyCount "113"]
[EventDate "2019.01.10"]
[EventType "swiss"]
[EventCountry "GGB"]
[SourceTitle "playchess.com"]
[Source "ChessBase"]
[SourceQuality "1"]

1. e4 c6 2. d4 d5 3. Nc3 dxe4 4. Nxe4 Nd7 5. Nf3 Ndf6 6. Bd3 Nxe4 7. Bxe4 Nf6 8. Bd3 Bg4 9. c3 e6 10. h3 Bh5 11. Be2 Be7 12. Bg5 Nd5 13. Bxe7 Qxe7 14. Ne5 Bxe2 15. Qxe2 O-O 16. O-O Rfd8 17. Rfe1 c5 18. dxc5 Qxc5 19. Rad1 Nf6 20. Rxd8+ Rxd8 21. Rd1 Rd5 22. c4 Rd4 23. Rxd4 Qxd4 24. Qd3 Qxd3 25. Nxd3 Kf8 26. f3 Ke7 27. Kf2 Kd6 28. Ke3 Nd7 29. b4 e5 30. g4 f6 31. Ke4 g6 32. f4 exf4 33. Nxf4 b6 34. Nd5 a5 35. a3 axb4 36. axb4 Ke6 37. Kd4 f5 38. g5 Kd6 39. h4 Ke6 40. c5 bxc5+ 41. bxc5 Nb8 42. Nb4 f4 43. Ke4 f3 44. Kxf3 Nd7 45. c6 Nb6 46. Ke4 Kd6 47. Kd4 Nc8 48. Nd5 Kxc6 49. Ke5 Kd7 50. Kf6 Nd6 51. Ne3 Nf5 52. Nxf5 gxf5 53. Ke5 Ke8 54. h5 Ke7 55. h6 Kf7 56. Kxf5 Kg8 57. Ke4 1/2-1/2

[Event "Gibraltar Masters 2019"]
[Site "Caleta"]
[Date "2019.01.28"]
[Round "7"]
[White "Ivanchuk, Vassily"]
[Black "Kavutskiy, Konstantin"]
[Result "1-0"]
[WhiteElo "2713"]
[BlackElo "2424"]
[Annotator "TA"]
[PlyCount "74"]
[EventDate "2019.01.10"]
[EventType "swiss"]
[EventCountry "GGB"]
[SourceTitle "playchess.com"]
[Source "ChessBase"]
[SourceQuality "1"]

1. e4 c5 2. Nf3 e6 3. d4 cxd4 4. Nxd4 Nc6 5. Nc3 Qc7 6. Be3 a6 7. Qd2 Nf6 8. O-O-O Be7 9. Be2 d6 10. g4 Nxd4 11. Qxd4 e5 12. Qd3 Be6 13. g5 Nd7 14. h4 Nc5 15. Qd2 Qa5 16. f3 Rc8 17. a3 O-O 18. Kb1 f5 19. exf5 Bxf5 20. h5 Ne6 21. Rhg1 Rfd8 22. Bd3 Bxd3 23. Qxd3 Rxc3 24. Qxc3 Qxc3 25. bxc3 d5 26. Rd3 d4 27. cxd4 exd4 28. Re1 Kf7 29. g6+ hxg6 30. hxg6+ Kf6 31. Bf2 Rh8 32. Rxd4 Bc5 33. Bh4+ Rxh4 34. Rxh4 Bf2 35. Rxe6+ Kxe6 36. Rf4 b6 37. a4 Kd5 1-0

[Event "Gibraltar Masters 2019"]
[Site "Caleta"]
[Date "2019.01.28"]
[Round "7"]
[White "Moroni, Luca Jr"]
[Black "Buksa, Nataliya"]
[Result "1/2-1/2"]
[WhiteElo "2562"]
[BlackElo "2420"]
[Annotator "TA"]
[PlyCount "87"]
[EventDate "2019.01.10"]
[EventType "swiss"]
[EventCountry "GGB"]
[SourceTitle "playchess.com"]
[Source "ChessBase"]
[SourceQuality "1"]

1. d4 d5 2. Bf4 Nf6 3. e3 e6 4. Nf3 Bd6 5. Nbd2 Bxf4 6. exf4 O-O 7. Bd3 c5 8. dxc5 Qc7 9. g3 Qxc5 10. O-O Nc6 11. c3 Qd6 12. Re1 b6 13. Qe2 Bb7 14. Nb3 a6 15. a3 Rfe8 16. Rad1 b5 17. h4 Rad8 18. Bb1 Qc7 19. Nbd4 Ne4 20. Qc2 g6 21. h5 Nxd4 22. Rxd4 Kg7 23. Qe2 Ba8 24. Red1 Nf6 25. Qe5 Qxe5 26. fxe5 Nd7 27. Re1 Nc5 28. Rh4 Rc8 29. Nd4 Bc6 30. g4 Bd7 31. f4 a5 32. Kf2 Na4 33. f5 gxf5 34. gxf5 Nxb2 35. Rf4 Kh8 36. Rg1 Rg8 37. fxe6 fxe6 38. Rf7 Rcf8 39. Rgg7 Rxg7 40. Rxf8+ Rg8 41. Rf7 Rg7 42. Rf8+ Rg8 43. Rf7 Rg7 44. Rf8+ 1/2-1/2

[Event "Gibraltar Masters 2019"]
[Site "Caleta"]
[Date "2019.01.28"]
[Round "7"]
[White "Szczepkowska, Karina"]
[Black "Hjartarson, Johann"]
[Result "1/2-1/2"]
[WhiteElo "2426"]
[BlackElo "2530"]
[Annotator "TA"]
[PlyCount "70"]
[EventDate "2019.01.10"]
[EventType "swiss"]
[EventCountry "GGB"]
[SourceTitle "playchess.com"]
[Source "ChessBase"]
[SourceQuality "1"]

1. d4 f5 2. g3 Nf6 3. Bg2 g6 4. c4 Bg7 5. Nf3 O-O 6. O-O d6 7. Nc3 c6 8. Re1 Ne4 9. Qc2 Nxc3 10. bxc3 e5 11. dxe5 dxe5 12. Ba3 Re8 13. e4 f4 14. Rad1 Qa5 15. Bb4 Qc7 16. Bd6 Qf7 17. c5 h6 18. gxf4 Qxf4 19. Re3 Nd7 20. Ne1 b6 21. Nd3 Qf7 22. Rf3 Qc4 23. Rg3 g5 24. Qb3 Qxb3 25. axb3 bxc5 26. Nxc5 Nf6 27. Bf1 Nh5 28. Bc4+ Kh7 29. Rgd3 Nf4 30. R3d2 Bg4 31. Ra1 Bf8 32. Bxf8 Rxf8 33. Nd7 Bxd7 34. Rxd7+ Kg6 35. Rd6+ Kh5 1/2-1/2

[Event "Gibraltar Masters 2019"]
[Site "Caleta"]
[Date "2019.01.28"]
[Round "7"]
[White "Kozak, Adam"]
[Black "Demuth, Adrien"]
[Result "1/2-1/2"]
[WhiteElo "2425"]
[BlackElo "2517"]
[Annotator "TA"]
[PlyCount "76"]
[EventDate "2019.01.10"]
[EventType "swiss"]
[EventCountry "GGB"]
[SourceTitle "playchess.com"]
[Source "ChessBase"]
[SourceQuality "1"]

1. Nf3 d6 2. d4 Nf6 3. c4 g6 4. Nc3 Bf5 5. e3 Bg7 6. Be2 O-O 7. O-O Ne4 8. Nxe4 Bxe4 9. Qb3 a5 10. Rd1 Na6 11. Bd2 c5 12. Bc3 Qc7 13. Rd2 Nb4 14. d5 f6 15. Qd1 Bf5 16. a3 Na6 17. h3 Nb8 18. a4 Qc8 19. Nh2 b6 20. b3 Na6 21. Qc1 Nb4 22. Qb2 Rf7 23. Rad1 Qf8 24. Nf1 Bd7 25. e4 Bh6 26. Ng3 Bf4 27. Bf3 Bxd2 28. Qxd2 Na6 29. Bg4 Qc8 30. Qe2 Nc7 31. Rd3 Ne8 32. f4 Ng7 33. Bf3 Ra7 34. Qd2 Qf8 35. Ne2 Bc8 36. g4 Ne8 37. f5 g5 38. h4 h6 1/2-1/2

[Event "Gibraltar Masters 2019"]
[Site "Caleta"]
[Date "2019.01.29"]
[Round "8"]
[White "Harsha Bharathakoti"]
[Black "Vaibhav, Suri"]
[Result "0-1"]
[WhiteElo "2481"]
[BlackElo "2590"]
[Annotator "ChessBase"]
[PlyCount "85"]
[EventDate "2019.01.10"]
[EventType "swiss"]
[EventCountry "GGB"]
[SourceTitle "playchess.com"]
[Source "ChessBase"]
[SourceQuality "1"]

1. c4 Nf6 2. Nc3 e5 3. g3 Bb4 4. Bg2 O-O 5. e4 Bxc3 6. dxc3 Na6 7. Qe2 Nc5 8. b4 Na4 9. Qc2 Nb6 10. c5 Nc4 11. Qd3 b5 12. a4 Ba6 13. Nf3 d6 14. cxd6 cxd6 15. Nd2 Rc8 16. Nxc4 Rxc4 17. O-O bxa4 18. Rxa4 Bb5 19. Ra5 a6 20. Qe3 d5 21. exd5 Nxd5 22. Qxe5 Nxc3 23. Re1 Ne2+ 24. Qxe2 Rxc1 25. Qe3 Rxe1+ 26. Qxe1 Re8 27. Qb1 Qd2 28. Ra1 Re2 29. Qc1 Qd4 30. Qc8+ Re8 31. Qc1 Qxb4 32. Bf1 Bxf1 33. Kxf1 Qb5+ 34. Kg1 a5 35. Qa3 a4 36. Qxa4 Re1+ 37. Kg2 Qf1+ 38. Kf3 Qh1+ 39. Kf4 g5+ 40. Kg4 h5+ 41. Kxh5 Qf3+ 42. g4 Qxf2 43. Qd1 0-1

[Event "Gibraltar Masters 2019"]
[Site "Caleta"]
[Date "2019.01.29"]
[Round "8"]
[White "Sadhwani, Raunak"]
[Black "Yuffa, Daniil"]
[Result "1-0"]
[WhiteElo "2451"]
[BlackElo "2578"]
[Annotator "TA"]
[PlyCount "106"]
[EventDate "2019.01.10"]
[EventType "swiss"]
[EventCountry "GGB"]
[SourceTitle "playchess.com"]
[Source "ChessBase"]
[SourceQuality "1"]

1. e4 c6 2. d4 d5 3. e5 Bf5 4. Nf3 e6 5. c3 Ne7 6. Be2 Bg6 7. Nh4 Nf5 8. Nxg6 hxg6 9. Nd2 c5 10. Nf3 Nc6 11. O-O Qb6 12. dxc5 Bxc5 13. Bd3 Nh4 14. Nxh4 Rxh4 15. b4 Be7 16. Be3 Qc7 17. g3 Rh8 18. Bb5 Qxe5 19. Qa4 Qc7 20. c4 d4 21. Bxd4 Kf8 22. Bxc6 Qxc6 23. Qxc6 bxc6 24. Rab1 Rh5 25. Be3 Rb8 26. a3 Rb7 27. Rb3 Ke8 28. Rfb1 Re5 29. Kg2 g5 30. h3 a5 31. Bd2 Re2 32. Bc3 a4 33. R3b2 Re4 34. c5 Rc4 35. Rc1 Bxc5 36. Rbc2 Be7 37. Bb2 Rxc2 38. Rxc2 Rc7 39. Bd4 Rd7 40. Bb2 Rd6 41. Be5 Rd3 42. Rxc6 Rxa3 43. b5 Rb3 44. b6 f6 45. Bd4 e5 46. Be3 a3 47. Rc8+ Kd7 48. Rc7+ Ke6 49. Ra7 f5 50. Bc1 f4 51. b7 f3+ 52. Kh2 Bc5 53. Ra5 Kd5 1-0

[Event "Gibraltar Masters 2019"]
[Site "Caleta"]
[Date "2019.01.30"]
[Round "9"]
[White "Jumabayev, Rinat"]
[Black "Krysa, Leandro"]
[Result "1-0"]
[WhiteElo "2604"]
[BlackElo "2499"]
[Annotator "TA"]
[PlyCount "134"]
[EventDate "2019.01.10"]
[EventType "swiss"]
[EventCountry "GGB"]
[SourceTitle "playchess.com"]
[Source "ChessBase"]
[SourceQuality "1"]

1. Nf3 Nf6 2. c4 c5 3. Nc3 d5 4. cxd5 Nxd5 5. e3 Nc6 6. Bb5 Nxc3 7. dxc3 Qc7 8. e4 a6 9. Be2 e6 10. Qd2 Bd6 11. Qg5 O-O 12. Be3 b6 13. Nd2 Bb7 14. Nc4 Be7 15. Qg3 Qxg3 16. hxg3 b5 17. Nb6 Rad8 18. a4 c4 19. axb5 axb5 20. Rh5 f5 21. exf5 exf5 22. Bf3 g6 23. Rh1 Rfe8 24. Kf1 h5 25. Nd5 Ra8 26. Rxa8 Rxa8 27. Ke2 Bd8 28. Nf4 Ra2 29. Rd1 Rxb2+ 30. Kf1 Ba5 31. Nxg6 Nd8 32. Bxb7 Nxb7 33. Rd7 Nd8 34. Bd4 Ne6 35. Be5 b4 36. cxb4 Rb1+ 37. Ke2 Bxb4 38. Rd1 Rxd1 39. Kxd1 Kf7 40. Nh4 Nc5 41. Nxf5 Nd3 42. Bd4 Ke6 43. Ng7+ Kd5 44. Be3 c3 45. Nxh5 Kc4 46. g4 Kb3 47. Ke2 Ne5 48. g5 c2 49. Nf4 Bc5 50. Bd2 Kb2 51. g6 Bb4 52. Be3 Bc5 53. Bxc5 c1=Q 54. Bd4+ Kc2 55. Bxe5 Qd1+ 56. Ke3 Qe1+ 57. Kd4 Qxf2+ 58. Ke4 Qa7 59. g7 Qb7+ 60. Nd5 Qa8 61. Bf6 Kd2 62. g4 Qa4+ 63. Bd4 Qe8+ 64. Kf4 Ke1 65. Nf6 Qb8+ 66. Kg5 Qb5+ 67. Kh6 Kd2 1-0

[Event "Gibraltar Masters 2019"]
[Site "Caleta"]
[Date "2019.01.30"]
[Round "9"]
[White "Moroni, Luca Jr"]
[Black "Lei, Tingjie"]
[Result "1-0"]
[WhiteElo "2562"]
[BlackElo "2447"]
[Annotator "RC"]
[PlyCount "69"]
[EventDate "2019.01.10"]
[EventType "swiss"]
[EventCountry "GGB"]
[SourceTitle "playchess.com"]
[Source "ChessBase"]
[SourceQuality "1"]

1. c4 e6 2. Nc3 d5 3. d4 Nf6 4. cxd5 Nxd5 5. e4 Nxc3 6. bxc3 c5 7. Nf3 cxd4 8. cxd4 Bb4+ 9. Bd2 Bxd2+ 10. Qxd2 O-O 11. Rc1 b6 12. Bd3 Bb7 13. O-O Nd7 14. Qf4 Nf6 15. Rc3 Rc8 16. Ra3 a5 17. Rd1 h6 18. Rb3 Qc7 19. Qh4 Rfd8 20. h3 Nd7 21. Bb1 Qd6 22. Re3 Qb4 23. d5 exd5 24. Nd4 Nf8 25. e5 Ne6 26. Bf5 Re8 27. Rg3 Nxd4 28. Rxd4 Qe1+ 29. Kh2 Qxe5 30. Rdg4 Rc6 31. f4 Qxf5 32. Rxg7+ Kh8 33. Qe7 Re6 34. Qxb7 Qxf4 35. Rxf7 1-0

[Event "Gibraltar Masters 2019"]
[Site "Caleta"]
[Date "2019.01.30"]
[Round "9"]
[White "Arizmendi Martinez, Julen Luis"]
[Black "Donchenko, Alexander"]
[Result "1/2-1/2"]
[WhiteElo "2506"]
[BlackElo "2604"]
[Annotator "TA RC"]
[PlyCount "112"]
[EventDate "2019.01.10"]
[EventType "swiss"]
[EventCountry "GGB"]
[SourceTitle "playchess.com"]
[Source "ChessBase"]
[SourceQuality "1"]

1. e4 c5 2. Nf3 d6 3. d4 cxd4 4. Nxd4 Nf6 5. Nc3 a6 6. f3 e5 7. Nb3 Be6 8. Be3 h5 9. Nd5 Bxd5 10. exd5 Nbd7 11. Qd2 g6 12. Be2 Bg7 13. O-O-O Qc7 14. Kb1 O-O 15. g4 Nb6 16. Qa5 Rac8 17. c3 Nc4 18. Qxc7 Rxc7 19. Bxc4 Rxc4 20. g5 Nd7 21. Nd2 Rc7 22. Ne4 f5 23. gxf6 Nxf6 24. Nxd6 Rd7 25. Ne4 b5 26. Bg5 Nh7 27. Rd3 Rc8 28. Rg1 Kf7 29. h4 Nf6 30. Rgd1 Ne8 31. f4 Rc4 32. Nd2 Rc5 33. Ne4 Rc4 34. Re1 exf4 35. b3 Rc8 36. Bxf4 Kg8 37. Bg5 a5 38. a3 Nc7 39. d6 Ne6 40. Nf6+ Bxf6 41. Rxe6 Rxc3 42. Rxc3 Bxc3 43. Be7 Kf7 44. Re4 Bf6 45. Rf4 Rxe7 46. dxe7 Kxe7 47. Re4+ Kf7 48. Kc2 Be7 49. Re5 Bxa3 50. Rxb5 Bb4 51. Kd3 Kf6 52. Ke4 Be1 53. Rb6+ Kf7 54. Ra6 Bb4 55. Ke5 Bc3+ 56. Ke4 Bb4 1/2-1/2

[Event "Gibraltar Masters 2019"]
[Site "Caleta"]
[Date "2019.01.30"]
[Round "9"]
[White "Sprenger, Jan Michael"]
[Black "Galinsky, Timofey"]
[Result "1/2-1/2"]
[WhiteElo "2498"]
[BlackElo "2365"]
[Annotator "TA"]
[PlyCount "101"]
[EventDate "2019.01.10"]
[EventType "swiss"]
[EventCountry "GGB"]
[SourceTitle "playchess.com"]
[Source "ChessBase"]
[SourceQuality "1"]

1. e4 e6 2. d4 d5 3. Nc3 Bb4 4. e5 b6 5. a3 Bf8 6. Nf3 a5 7. h4 h6 8. h5 Ba6 9. Be2 Ne7 10. Nb5 Nc8 11. O-O Qd7 12. c4 dxc4 13. a4 Bb4 14. Bxc4 c6 15. Na3 Bxa3 16. Bxa6 Nxa6 17. Rxa3 Ne7 18. Nh4 O-O-O 19. Nf3 Kb7 20. Qe2 g6 21. Bd2 gxh5 22. Rb1 Nb4 23. Bxb4 axb4 24. Raa1 Rhg8 25. a5 b5 26. a6+ Ka8 27. Rc1 Rg4 28. Kf1 Rdg8 29. g3 Nf5 30. Qc2 Rxg3 31. Qe4 R3g4 32. Qxc6+ Qxc6 33. Rc2 Qc5 34. Rxc5 Rf4 35. Rc6 Nxd4 36. Ng1 Rfg4 37. Rc7 Rh4 38. Nh3 Rd8 39. Rd1 b3 40. Ng1 Re4 41. Rd3 Rd7 42. Nf3 Rd5 43. Rxf7 Nxf3 44. Rdxf3 Rexe5 45. Re7 Rf5 46. Rg3 Rg5 47. Rxb3 Rgf5 48. Rg3 Rg5 49. Rf3 Rgf5 50. Rg3 Rg5 51. Rf3 1/2-1/2

[Event "Gibraltar Masters 2019"]
[Site "Caleta"]
[Date "2019.01.31"]
[Round "10"]
[White "Lagarde, Maxime"]
[Black "Cheparinov, Ivan"]
[Result "1/2-1/2"]
[WhiteElo "2604"]
[BlackElo "2691"]
[Annotator "TA"]
[PlyCount "205"]
[EventDate "2019.01.10"]
[EventType "swiss"]
[EventCountry "GGB"]
[SourceTitle "playchess.com"]
[Source "ChessBase"]
[SourceQuality "1"]

1. c4 e6 2. d4 Nf6 3. Nc3 Bb4 4. e3 O-O 5. Bd3 d5 6. cxd5 exd5 7. Nge2 Re8 8. O-O Bd6 9. Bd2 a6 10. Rc1 Nbd7 11. Nf4 c6 12. h3 Nf8 13. Nh5 Ne4 14. Nxe4 dxe4 15. Bc4 g6 16. Ng3 Be6 17. Nxe4 Bxc4 18. Nxd6 Bxf1 19. Nxe8 Bxg2 20. Kxg2 Qxe8 21. Qg4 Rd8 22. Rc5 Nd7 23. Ra5 Nf6 24. Qh4 Qe4+ 25. Qxe4 Nxe4 26. Bb4 f5 27. Re5 Rd7 28. Re8+ Kf7 29. Rb8 Nf6 30. Kf3 g5 31. Ke2 h5 32. f3 Kg6 33. Kd3 g4 34. hxg4 fxg4 35. fxg4 hxg4 36. Be1 Rh7 37. e4 Rh3+ 38. Ke2 Rh2+ 39. Ke3 Rh1 40. Ke2 Nxe4 41. Rxb7 g3 42. Bxg3 Nxg3+ 43. Kd3 Rd1+ 44. Kc2 Rxd4 45. Rb6 Rd6 46. Rxa6 Kf6 47. b4 Ke5 48. a4 Ne4 49. Ra8 Rd2+ 50. Kc1 Rd4 51. b5 Rc4+ 52. Kd1 Kd4 53. bxc6 Ke3 54. Re8 Rxc6 55. a5 Ra6 56. Kc2 Rxa5 57. Re7 Ra8 58. Rc7 Kd4 59. Rd7+ Kc4 60. Rc7+ Nc5 61. Kd2 Kd4 62. Ke2 Rf8 63. Re7 Rf6 64. Re8 Rf7 65. Rd8+ Nd7 66. Rh8 Nf6 67. Rd8+ Nd5 68. Rd6 Rf8 69. Rd7 Ke4 70. Ra7 Nf4+ 71. Kd2 Rd8+ 72. Kc2 Nd5 73. Rh7 Rc8+ 74. Kd2 Ra8 75. Rh4+ Nf4 76. Rg4 Ra2+ 77. Kc3 Rh2 78. Kb3 Rf2 79. Rg8 Kd4 80. Rf8 Rf3+ 81. Kc2 Rc3+ 82. Kd2 Rd3+ 83. Kc2 Nd5 84. Rd8 Rh3 85. Kb2 Rh2+ 86. Kb3 Rg2 87. Rd7 Rg3+ 88. Kc2 Kc4 89. Kd2 Rg2+ 90. Ke1 Kd4 91. Rd8 Ke3 92. Re8+ Kf3 93. Rf8+ Nf4 94. Kd1 Ra2 95. Kc1 Ke3 96. Re8+ Kd4 97. Rd8+ Nd5 98. Kd1 Ke4 99. Kc1 Nb4 100. Re8+ Kd4 101. Rd8+ Kc4 102. Rc8+ Kb3 103. Kd1 1/2-1/2

[Event "Gibraltar Masters 2019"]
[Site "Caleta"]
[Date "2019.01.31"]
[Round "10"]
[White "Cuenca Jimenez, Jose Fernando"]
[Black "Ivanchuk, Vassily"]
[Result "1/2-1/2"]
[WhiteElo "2512"]
[BlackElo "2713"]
[Annotator "TA"]
[PlyCount "59"]
[EventDate "2019.01.10"]
[EventType "swiss"]
[EventCountry "GGB"]
[SourceTitle "playchess.com"]
[Source "ChessBase"]
[SourceQuality "1"]

1. d4 e6 2. c4 Bb4+ 3. Bd2 a5 4. a3 Bxd2+ 5. Qxd2 d6 6. Nf3 Nf6 7. Nc3 Nc6 8. Rd1 O-O 9. e4 Qe7 10. Be2 e5 11. dxe5 Nxe5 12. Nxe5 Qxe5 13. Qd4 Be6 14. O-O Rfe8 15. f4 Qxd4+ 16. Rxd4 Bg4 17. Bxg4 Nxg4 18. Re1 Kf8 19. Nd5 Rac8 20. h3 Nf6 21. Nxf6 gxf6 22. Rd5 b6 23. Kf2 Re6 24. g4 Rce8 25. Kf3 h6 26. b3 Kg7 27. Re3 Kf8 28. Re1 Kg7 29. Re3 Kf8 30. Re1 1/2-1/2